Cliquez sur les pays d'Europe sur une carte sans frontières - Statistiques

Statistiques générales
  • Ce quiz a été pris 13 374 fois
  • Le résultat moyen est 24 sur 45
Réponses sur la Carte
Les réponses sont colorées sur une échelle allant du rouge au vert en fonction du pourcentage des utilisateurs qui les ont devinées à leur premier essai. Vous pouvez retrouver ces pourcentages ci-dessous.
 
Statistiques - réponses
Réponse % Correct
Espagne
62%
France
62%
Irlande
62%
Royaume- Uni
62%
Russie
62%
Suède
62%
Allemagne
61%
Danemark
61%
Grèce
61%
Italie
61%
Portugal
61%
Islande
60%
Norvège
60%
Finlande
59%
Malte
59%
Pologne
59%
Pays-Bas
58%
Belgique
56%
Suisse
56%
Ukraine
56%
Andorre
55%
Monaco
55%
Estonie
54%
Biélorussie
53%
Roumanie
52%
Lettonie
51%
Luxembourg
51%
Saint-Marin
51%
Vatican
51%
Autriche
50%
République tchèque
50%
Albanie
49%
Bulgarie
49%
Croatie
49%
Lituanie
49%
Bosnie-Herzégovine
47%
Liechtenstein
47%
Slovénie
46%
Hongrie
44%
Moldavie
44%
Serbie
44%
Macédoine du Nord
43%
Monténégro
42%
Slovaquie
42%
Kosovo
40%
Aucun quiz correspondant
Distribution des résultats
% des personnes avec chaque résultat
Percentile par nombre de réponses
Votre historique - résultats
Vous n’avez pas pris ce quiz